000
00350nam a2200145Ia 4500
100
_a
Whitmore/ Dennis. A
942
_c
BK
654
_a
Measurement & Control of Indirect Work
245
_a
Measurement & Control of Indirect Work
260
_b
Heinemann
_a
London
082
_a
658.8
_b
WHI
300
_a
275
546
_a
ENGLISH
999
_c
29100
_d
29100